Angry Birds Star Wars - Episodes - Statistics

General Stats
  • This quiz has been taken 10 times
  • The average score is 8 of 9
Answer Stats
Number Release Episode % Correct
2nd 11/2012 Death Star
100%
6th 12/2013 Death Star 2
100%
1st 11/2012 Tatooine
100%
4th 3/2013 Cloud City
88%
3rd 11/2012 Hoth
88%
5th 9/2013 Moon of Endor
88%
7th 3/2013 Boba Fett Missions
75%
9th 11/2012 Bonus
75%
8th 11/2012 Path of the Jedi
75%
No matching quizzes found
Score Distribution
Percent of People with Each Score
Percentile by Number Answered
Your Score History
You have not taken this quiz